| 000 | 01338cam a2200385 i 4500 | ||
|---|---|---|---|
| 999 |
_c200451930 _d70142 |
||
| 001 | 200451930 | ||
| 003 | TR-AnTOB | ||
| 005 | 20230614001319.0 | ||
| 007 | ta | ||
| 008 | 161102s1999 tu d 000 0 tur d | ||
| 020 | _a9755124241 | ||
| 035 | _a(TR-AnTOB)200451930 | ||
| 040 |
_aSULEY _beng _erda _cSULEY _dTR-AnTOB |
||
| 041 | 0 | _atur | |
| 050 | 1 | 4 |
_aHC415.35 _b.O43 1999 |
| 090 |
_aHC415.35 _b.O43 1999 |
||
| 245 | 0 | 0 |
_aOman Sultanlığı (Umman) ülke etüdü / _chazırlayanlar, Muhsin Akgür, Tezer Palacıoğlu. |
| 246 | 3 | 4 | _aOman (Umman) ülke etüdü |
| 264 | 1 |
_aİstanbul : _bİstanbul Ticaret Odası, _c1999. |
|
| 300 |
_a106 pages : _btables ; _c24 cm |
||
| 336 |
_atext _btxt _2rdacontent |
||
| 337 |
_aunmediated _bn _2rdamedia |
||
| 338 |
_avolume _bnc _2rdacarrier |
||
| 490 | 0 |
_aİstanbul Ticaret Odası ; _vYayın no: 1999-78 |
|
| 651 | 7 |
_aUmman _xEkonomik durum _2etuturkob _9140668 |
|
| 651 | 7 |
_aUmman _xEkonomi politikası _2etuturkob _9140669 |
|
| 651 | 7 |
_aUmman _xDış ekonomik ilişkiler _zTürkiye _2etuturkob _9140667 |
|
| 651 | 0 |
_aTürkiye _xDış ekonomik ilişkiler _zUmman _918923 |
|
| 700 | 1 |
_aAkgür, Muhsin _eeditor _933201 |
|
| 700 | 1 |
_aPalacıoğlu, Tezer _eeditor _926549 |
|
| 710 | 2 |
_aİstanbul Ticaret Odası _919571 |
|
| 942 |
_2lcc _cBK |
||